| 000 | 00809nam a2200193Ia 4500 | ||
|---|---|---|---|
| 003 | IN-BaIIA | ||
| 008 | 211028s9999 xx s 000 0 eng d | ||
| 020 | _a0-521-85205-6 (Print) | ||
| 040 | _cIIA Library | ||
| 100 |
_a Williams, P. R., ed. _940782 |
||
| 245 | 0 |
_aProbing Galaxies through Quasar Absorption Lines _h[eBook] |
|
| 260 |
_aCambridge _bCambridge University Press _c2005 |
||
| 300 | _aOnline resource | ||
| 490 | _aIAU Colloquium; no. 199 | ||
| 700 |
_aMenard, B., ed. _940783 |
||
| 700 |
_aShu, Chenggang., ed. _940784 |
||
| 856 |
_uhttps://www.cambridge.org/core/journals/proceedings-of-the-international-astronomical-union/issue/D99D2F5E5361D125A9EE2F11B7767837 _yClick Here to Access eBook |
||
| 942 | _cEB | ||
| 999 |
_c22076 _d22076 |
||